青森県の道の駅 - Statistics

General Stats
  • This quiz has been taken 31 times
  • The average score is 21 of 28
Answer Stats
所在地 名前 % Correct
七戸町 しちのへ
100%
十和田市 とわだ
96%
三沢市 みさわ
96%
深浦町 ふかうら
96%
横浜町 よこはま
96%
三戸町 さんのへ
93%
階上町 はしかみ
93%
新郷村 しんごう
93%
今別町 いまべつ
89%
田舎館村 いなかだて
89%
鶴田町 つるた
89%
六戸町 ろくのへ
89%
弘前市 ひろさき
81%
青森市 浅虫温泉
74%
平川市 いかりがせき
74%
外ヶ浜町 みんまや
74%
むつ市 わきのさわ
70%
中泊町 こどまり
70%
青森市 なみおか
63%
外ヶ浜町 たいらだて
63%
黒石市 虹の湖
56%
五所川原市 十三湖高原
56%
八戸市 なんごう
52%
むつ市 かわうち湖
52%
つがる市 もりた
52%
東北町 おがわら湖
52%
十和田市 奥入瀬
41%
西目屋村 津軽白神
41%
No matching quizzes found
Score Distribution
Percent of People with Each Score
Percentile by Number Answered
Your Score History
You have not taken this quiz